<?xml version="1.0" encoding="UTF-8"?>
<record
    xmlns:xsi="http://www.w3.org/2001/XMLSchema-instance"
    xsi:schemaLocation="http://www.loc.gov/MARC21/slim http://www.loc.gov/standards/marcxml/schema/MARC21slim.xsd"
    xmlns="http://www.loc.gov/MARC21/slim">

  <leader>02009nam a2200289Ia 4500</leader>
  <controlfield tag="001">IA_parameters were the kernel components required by the industry of nixtamalization, in addition to determination of lysine and tryptophan analyses in the endosperm. The effect of the growing season was the main source of variation in lysine, quality index, protein, and floating index. The effect of location was the main source of variation for the rest of parameters. The genotype effect influenced mainly weight of 100 kernels, tryptophan and pericarp. Interactions among other factors exhibited a significant statistical difference (?=0.01) in hectoliter weight, weight of 100 kernels, floating index, pericarp, protein, lysine, tryptophan and quality index; the interaction locality * genotype showed a significant statistical difference (?=0.01) in kernel color and pedicel and at ?=0.05 in white and hard endosperm. Genotypes evaluated showed percentage of pedicel, white and hard endosperm, similar to common maize genotypes, furthermore, they contained 40 % more lysine and 90 % more tryptophan.</controlfield>
  <controlfield tag="002">CARACTERiSTICAS FiSICAS, LISINA Y TRIPTOFANO DE MA</controlfield>
  <controlfield tag="008">220117s    xx            000 0 und d</controlfield>
  <datafield tag="010" ind1=" " ind2=" ">
    <subfield code="a">182924</subfield>
  </datafield>
  <datafield tag="530" ind1=" " ind2=" ">
    <subfield code="a">Disponible en PDF</subfield>
  </datafield>
  <datafield tag="583" ind1=" " ind2=" ">
    <subfield code="a">2 ej. imp.</subfield>
  </datafield>
  <datafield tag="650" ind1=" " ind2=" ">
    <subfield code="a">Nutritive value  </subfield>
    <subfield code="9">147443</subfield>
  </datafield>
  <datafield tag="650" ind1=" " ind2=" ">
    <subfield code="a">Valor nutritivo  </subfield>
    <subfield code="9">137923</subfield>
  </datafield>
  <datafield tag="650" ind1=" " ind2=" ">
    <subfield code="a">Zea mays</subfield>
    <subfield code="x">Lisina  </subfield>
    <subfield code="9">155051</subfield>
  </datafield>
  <datafield tag="650" ind1=" " ind2=" ">
    <subfield code="a">Zea mays</subfield>
    <subfield code="x">Lysine  </subfield>
    <subfield code="9">155052</subfield>
  </datafield>
  <datafield tag="650" ind1=" " ind2=" ">
    <subfield code="a">Zea mays</subfield>
    <subfield code="x">Physical properties</subfield>
    <subfield code="9">155053</subfield>
  </datafield>
  <datafield tag="650" ind1=" " ind2=" ">
    <subfield code="a">Zea mays</subfield>
    <subfield code="x">Propiedades f&#xED;sicas  </subfield>
    <subfield code="9">155054</subfield>
  </datafield>
  <datafield tag="650" ind1=" " ind2=" ">
    <subfield code="a">Zea mays</subfield>
    <subfield code="x">Tript&#xF3;fano sintasa  </subfield>
    <subfield code="9">155055</subfield>
  </datafield>
  <datafield tag="650" ind1=" " ind2=" ">
    <subfield code="a">Zea mays</subfield>
    <subfield code="x">Tript&#xF3;fano sintasa  </subfield>
    <subfield code="9">155055</subfield>
  </datafield>
  <datafield tag="650" ind1=" " ind2=" ">
    <subfield code="a">Zea mays</subfield>
    <subfield code="x">Variedades  </subfield>
    <subfield code="9">155056</subfield>
  </datafield>
  <datafield tag="650" ind1=" " ind2=" ">
    <subfield code="a">Zea mays</subfield>
    <subfield code="x">Varieties  </subfield>
    <subfield code="9">155057</subfield>
  </datafield>
  <datafield tag="700" ind1=" " ind2=" ">
    <subfield code="a">Castillo Merino, Jorge, asesor </subfield>
    <subfield code="9">163671</subfield>
  </datafield>
  <datafield tag="700" ind1=" " ind2=" ">
    <subfield code="a">Salinas Moreno, Yolanda, asesor</subfield>
    <subfield code="9">163672</subfield>
  </datafield>
  <datafield tag="700" ind1=" " ind2=" ">
    <subfield code="a">V&#xE1;zquez Carrillo, Ma. Gricelda, dir.</subfield>
    <subfield code="9">147916</subfield>
  </datafield>
  <datafield tag="942" ind1=" " ind2=" ">
    <subfield code="c">TESIS D84 2005</subfield>
  </datafield>
  <datafield tag="999" ind1=" " ind2=" ">
    <subfield code="c">182924</subfield>
    <subfield code="d">182924</subfield>
  </datafield>
</record>
